000 00769nam a2200241 a 4500
001 BRL_887
005 20190320210936.0
008 231013s1975----mx-a######---#000-0#spa-#
041 _aspa
044 _amx
050 4 _aF1219.1.V47
_b.G85 1975
110 2 _aMuseo de Antropología de Xalapa
_925240
245 1 0 _aGuía oficial del Museo de Antropología de la Universidad Veracruzana
260 _aXalapa, Ver.
_bUniversidad Veracruzana
_c1975
300 _a108 p.
_bil.
_c22 cm.
500 _aAu1054
504 _aBibliografía: p. 101-108
610 2 4 _aMuseo de Antropología de Xalapa
_925240
650 1 4 _aIndígenas de México
_xAntigüedades
_zXalapa, Veracruz
_925241
651 4 _aXalapa, Veracruz
_xAntigüedades
_925242
902 _aGRL
942 _2lcc
_cB
999 _c9699
_d9699